书目信息 |
| 题名: |
经典动画赏析
|
|
| 作者: | 徐振东 , 林小入 , 曾奇琦 编著 | |
| 分册: | ||
| 出版信息: | 杭州 浙江大学出版社 2007.01 |
|
| 页数: | 85页 | |
| 开本: | 26cm | |
| 丛书名: | 动漫与媒体艺术 | |
| 单 册: | ||
| 中图分类: | J905.1 | |
| 科图分类: | ||
| 主题词: | 动画片--dong hua pian--鉴赏--世界 | |
| 电子资源: | ||
| ISBN: | 978-7-308-05120-0 | |
| 000 | 01344nam 2200313 450 | |
| 001 | 012008922984 | |
| 005 | 20080523101627.31 | |
| 010 | @a978-7-308-05120-0@dCNY33.00 | |
| 100 | @a20080523d2007 em y0chiy0120 ea | |
| 101 | 0 | @achi |
| 102 | @aCN@b330000 | |
| 105 | @aa a 000yy | |
| 106 | @ar | |
| 200 | 1 | @a经典动画赏析@Ajing dian dong hua shang xi@d= Classic animation analysis@f徐振东, 林小入, 曾奇琦等编著@Fxu zhen dong,lin xiao ru,ceng qi qi deng bian zhu@zeng |
| 210 | @a杭州@c浙江大学出版社@d2007.01 | |
| 215 | @a85页@c图@d26cm | |
| 225 | 2 | @a动漫与媒体艺术@Adong man yu mei ti yi shu |
| 300 | @a普通高等教育“十一五”国家级规划教材 动漫与媒体艺术 | |
| 320 | @a有书目 (第85页) | |
| 330 | @a该丛书专业完整性与操作实用性的有机融合,这在艺术类教材编写上是一种新的探索。有关的业内专家与学者经多次商讨研究,设定了较为全面而科学的专业框架——不仅容纳了所有动画专业的主流基础课程,还尽可能多地涵盖到与动画相关的各种专业知识和技能。 本册为《动漫与媒体艺术》之《经典动画赏析》。 | |
| 410 | 0 | @12001 @a动漫与媒体艺术 |
| 510 | 1 | @aClassic animation analysis@zeng |
| 606 | 0 | @a动画片@Adong hua pian@x鉴赏@y世界 |
| 690 | @aJ905.1@v4 | |
| 701 | 0 | @a徐振东@Axu zhen dong@4编著 |
| 701 | 0 | @a林小入@Alin xiao ru@4编著 |
| 701 | 0 | @a曾奇琦@Aceng qi qi@4编著 |
| 801 | 0 | @aCN@bQSSK@c20080523 |
| 905 | @b713088-90@dJ905.1@eX840@f3 | |
| 经典动画赏析= Classic animation analysis/徐振东, 林小入, 曾奇琦等编著.-杭州:浙江大学出版社,2007.01 |
| 85页:图;26cm.-(动漫与媒体艺术) |
| 普通高等教育“十一五”国家级规划教材 动漫与媒体艺术 |
| ISBN 978-7-308-05120-0:CNY33.00 |
| 该丛书专业完整性与操作实用性的有机融合,这在艺术类教材编写上是一种新的探索。有关的业内专家与学者经多次商讨研究,设定了较为全面而科学的专业框架——不仅容纳了所有动画专业的主流基础课程,还尽可能多地涵盖到与动画相关的各种专业知识和技能。 本册为《动漫与媒体艺术》之《经典动画赏析》。 |
| ● |
| 相关链接 |
|
|
|
正题名:经典动画赏析
索取号:J905.1/X840
 
预约/预借
| 序号 | 登录号 | 条形码 | 馆藏地/架位号 | 状态 | 备注 |
| 1 | 713088 | 207130889 | 社科库309/309社科库 97排2列5层/ [索取号:J905.1/X840] | 在馆 | |
| 2 | 713089 | 207130898 | 社科库309/309社科库 97排2列5层/ [索取号:J905.1/X840] | 在馆 | |
| 3 | 713090 | 207130905 | 社科库309/309社科库 97排2列5层/ [索取号:J905.1/X840] | 在馆 |